| 000 | 00899cam a22002294a 4500 | ||
|---|---|---|---|
| 020 | _a9789812304032 (pbk.) | ||
| 020 | _a9812304037 (pbk.) | ||
| 020 | _a9789812304124 (hard) | ||
| 040 | _cHUA | ||
| 082 | _a307 INT 2007 A072 Co. | ||
| 245 | 0 | 0 |
_aReasserting the rural development agenda : _blessons learned and emerging challenges in Asia / |
| 260 |
_aCollege, Los BaƱos, Laguna, Philippines : _bSoutheast Asian Regional Center for Graduate Study and Research in Agriculture ; _aSingapore : _bInstitute of Southeast Asian Studies, _c2007. |
||
| 300 |
_axx, 414 p. : _bill. ; _c24 cm. |
||
| 650 | 0 | _aRural development | |
| 650 | 0 | _aAgriculture | |
| 650 | 0 | _aRural poor | |
| 700 | 1 | _aBalisacan, A. M. | |
| 700 | 1 | _aFuwa, Nobuhiko. | |
| 710 | 2 | _aSoutheast Asian Regional Centre for Graduate Study and Research in Agriculture. | |
| 710 | 2 | _aInstitute of Southeast Asian Studies. | |
| 942 | _cEK | ||
| 999 |
_c14977 _d14977 |
||